Encuestas sobre las condiciones de vida de las familias: recopilación de monografías
Saved in:
| Corporate Authors: | , |
|---|---|
| Format: | Bog |
| Sprog: | spansk |
| Udgivet: |
Ginebra
OIT
1961
|
| Serier: | Estudios y Documentos. Nueva Serie, 63
|
| Fag: | |
| Tags: |
Tilføj Tag
Ingen Tags, Vær først til at tagge denne postø!
|
MARC
| LEADER | 00000nam a2200000 a 4500 | ||
|---|---|---|---|
| 001 | UCR9721 | ||
| 003 | CL-VaPUC | ||
| 008 | 980613e19610000SZ |||||||||||||||||spa|d | ||
| 082 | 0 | 4 | |a 306.85 |b OIT |2 21 |
| 110 | 2 | |a OIT |e author |9 412551 | |
| 710 | 2 | |a Oficina Internacional del Trabajo |e author |9 412552 | |
| 245 | 1 | 0 | |a Encuestas sobre las condiciones de vida de las familias: recopilación de monografías |
| 300 | |a 310 p | ||
| 942 | |c BK | ||
| 945 | |d 19980613 00:00:00 |a crobeson | ||
| 260 | |a Ginebra |b OIT |c 1961 | ||
| 650 | 0 | |a Familias |9 255641 | |
| 650 | 7 | |a FACTORES SOCIOECONOMICOS |2 CL-VaPUC |9 339981 | |
| 650 | 0 | |a Encuestas |9 259666 | |
| 650 | 7 | |a INVESTIGACION DE CAMPO |2 CL-VaPUC |9 335943 | |
| 583 | |a last modification |c 19980613 00:00:00 |k Rodrigo Vera | ||
| 490 | 0 | |a Estudios y Documentos. Nueva Serie, 63 | |
| 999 | |c 270898 |d 270896 | ||
| 952 | |0 0 |1 0 |4 0 |6 306_850000000000000_OIT_1961 |7 0 |8 A |9 305352 |a BIBGIM |b BIBGIM |d 2019-11-20 |i 1418289 |o 306.85 OIT 1961 |p 1418289 |r 2025-01-15 |w 2019-11-20 |y BK |k COM | ||